000
00302nam a2200109Ia 4500
008
220204s9999 xx 000 0 und d
082
_b
KAZ
100
_a
Kazmier, Leonard J
245
0
_a
Principles of management: A programmed industrial approach
260
_a
New Delhi
_b
McGraw Hill
_c
1974
942
_c
BK
999
_c
30543
_d
30543